| 000 | 00706nam a22002417a 4500 | ||
|---|---|---|---|
| 005 | 20230512222512.0 | ||
| 008 | 190108t xxu||||| |||| 00| 0 eng d | ||
| 020 | _a9781589239364 | ||
| 040 | _cCSPC | ||
| 082 | 0 |
_a745.5943 _bP314a |
|
| 100 |
_aPearce, Bobby, _eauthor. |
||
| 245 | 0 | 0 |
_aThe art of paper flowers _cBobby Pearce |
| 260 |
_aUSA: _bQuarto Publishing Group USA, _c2016. |
||
| 300 |
_a191 pages: _bimages; _c26 cm. |
||
| 336 |
_2rdacontent _atext |
||
| 337 |
_2rdamedia _aunmediated |
||
| 338 |
_2rdacarrier _avolume |
||
| 650 | 1 | 0 | _aPaper flowers. |
| 940 | _aLenie | ||
| 942 |
_cBOOK _jCIR 745.5943 P314a 2016 |
||
| 999 |
_c6780 _d6780 |
||